00754nam a2200193 a 450000100080000000500110000800800410001910000240006024500670008426000330015130000100018452002170019465300280041165300300043965300230046965300220049265300210051465300250053511317112022-01-04 2021 bl uuuu t 00u1 u #d1 aGOULART J??NIOR, R. aSitua????o - Safra de Banana (2020/21).h[electronic resource] aFlorian??polis: Epagric2021 a21 p. aEste relat??rio trata da situa????o da safra de banana catarinense 2020/21 com informa????es sobre a evolu????o do monitoramento da safra, evolu????o de pre??o e mercado e a estimativa da safra de ver??o 2021/22. aacompanhamento de safra abananicultura catarinense aEconomia agr??cola aMercado agr??cola apre??o agr??cola aprodu????o agr??cola